000 00392nam a2200133Ia 4500
008 220217s9999||||xx |||||||||||||| ||und||
020 _a81-203-0402-0
082 _a604.2 GRO
100 _aGroover, Mikell, P Zimmers, Emory, W
245 0 _aCAD/CAM computer aeded design and manufacturing
260 _aPrentice hall of india
_bNew Delhi
_c1999
300 _b150
650 _aMECHANICS
999 _c165694
_d165694